Design of mechanical testing specimens for rubber material using finite element analysis (Record no. 56826)

MARC details
000 -LEADER
fixed length control field 00480nam a2200169Ia 4500
100 ## - MAIN ENTRY--AUTHOR NAME
Personal name Woo Chang-Su
245 #0 - TITLE STATEMENT
Title Design of mechanical testing specimens for rubber material using finite element analysis
260 ## - PUBLICATION, DISTRIBUTION, ETC. (IMPRINT)
Name of publisher Rubber India
Year of publication 2010
300 ## - PHYSICAL DESCRIPTION
Number of Pages 21-40
650 ## - SUBJECT ADDED ENTRY--TOPICAL TERM
Topical Term Equi-biaxal tension
650 ## - SUBJECT ADDED ENTRY--TOPICAL TERM
Topical Term Pure shear test
650 ## - SUBJECT ADDED ENTRY--TOPICAL TERM
Topical Term Simple compression
650 ## - SUBJECT ADDED ENTRY--TOPICAL TERM
Topical Term Simple tension
700 ## - ADDED ENTRY--PERSONAL NAME
Personal name Kim Wan-Doo
942 ## - ADDED ENTRY ELEMENTS (KOHA)
Koha item type Journals
Holdings
Withdrawn status Lost status Damaged status Not for loan Home library Current library Date acquired Serial Enumeration / chronology Koha item type
      Journals RRII Library RRII Library 16/09/2010 Volume LXII, Issue 8 Journals